|
|
|
|
| LEADER |
01154nam a2200241 i 4500 |
| 003 |
GR-PaULI |
| 005 |
20210117210633.0 |
| 008 |
180604t2011 gw a|||g |||| 001 0 eng d |
| 020 |
|
|
|a 9783823365877
|
| 040 |
|
|
|a GR-PaULI
|b gre
|c GR-PaULI
|e AACR2
|
| 082 |
0 |
4 |
|2 23
|a 425
|
| 100 |
1 |
|
|9 169216
|a Schroder, Anne
|e συγγραφέας.
|
| 245 |
1 |
0 |
|a On the productivity of verbal prefixation in English :
|b synchronic and diachronic perspectives /
|c Anne Schroder.
|
| 260 |
|
|
|a Tubingen :
|b Narr Francke Attempto Verlag,
|c 2011.
|
| 300 |
|
|
|a 375 σ. :
|b εικ. ;
|c 22 εκ.
|
| 490 |
1 |
|
|a Language in performance ;
|v 44
|
| 504 |
|
|
|a Περιλαμβάνει βιβλιογραφικές αναφορές και ευρετήριο.
|
| 650 |
|
4 |
|9 1673
|a Αγγλική γλώσσα
|x Γραμματική
|
| 830 |
|
0 |
|9 169217
|a Language in performance
|v 44.
|
| 942 |
|
|
|2 ddc
|c BK15
|
| 952 |
|
|
|0 0
|1 0
|2 ddc
|4 0
|6 425_000000000000000_SCH
|7 0
|9 222737
|a LISP
|b LISP
|c BSC
|d 2018-06-04
|i 014102
|l 0
|o 425 SCH
|p 025000256773
|r 2018-06-04 00:00:00
|t 1
|v 2018.00
|w 2018-06-04
|y BK15
|x Μεταφορά Τμήματος Φιλολογίας
|
| 998 |
|
|
|c ΒΑΣΙΛΕΙΟΥ
|d 2018-06
|
| 999 |
|
|
|c 134602
|d 134602
|